00488nam a2200181Ii 450000100060000000300090000600800410001504000330005604100080008908200240009710000220012124500290014326400410017230000120021333600260022533700280025133800270027913692CO-ViMGA241108s9999||||xx |||||||||||||| ||und|| aCO-ViMGAbspaerdacCO-ViMGA0 aspa04aF.FC Co861.6 - R35m1 aFernando Rendón10aLos motivos del salmón 1aBogotá, Colombia : Copiyepes, 1998 avolumen atextbtxt2rdacontent aunmediatedbn2rdamedia avolumebnc2rdacarrier